| 000 | 01017pam a2200289 a 4500 | ||
|---|---|---|---|
| 001 | 3871157 | ||
| 003 | NUST - PNEC | ||
| 005 | 20170116181135.0 | ||
| 008 | 890905s1991 nyua b 001 0 eng | ||
| 010 | _a 89014590 | ||
| 020 | _a007030825X : | ||
| 040 | _cLIBRARY | ||
| 050 | 0 | 0 |
_aT11 _b.H823 1991 |
| 082 | 0 | 0 |
_a808.0666021 HUC _220 |
| 100 | 1 | _aHuckin, Thomas N. | |
| 245 | 1 | 0 |
_aTechnical writing and professional communication : for nonnative speakers of English _cThomas N. Huckin, Leslie A. Olsen. |
| 250 | _a2nd ed. | ||
| 260 |
_aNew York : _bMcGraw-Hill, _cc1991. |
||
| 300 |
_axxii, 746 p. : _bill. ; _c24 cm. |
||
| 500 | _aRev. ed. of: English for science and technology / Thomas N. Huckin, Leslie A. Olsen. c1983. | ||
| 504 | _aIncludes bibliographical references and indexes. | ||
| 650 | 0 | _aTechnical writing | |
| 650 | 0 |
_aEnglish language _xGeneral |
|
| 906 |
_a7 _bcbc _corignew _d1 _eocip _f19 _gy-gencatlg |
||
| 942 |
_2ddc _cBK |
||
| 999 |
_c70177 _d70177 |
||